[Event "EuYCh G18"]
[Site "Peniscola ESP"]
[Date "2002.10.06"]
[Round "7"]
[White "Hasanova,E"]
[Black "Simon,Z"]
[Result "0-1"]
[WhiteElo "2325"]
[BlackElo "2122"]

1.d4 Nf6 2.Bg5 e6 3.e4 Be7 4.Bd3 d5 5.exd5 exd5 6.h3 Ne4 7.Be3 Bf5 8.Qf3 Bg6
9.Ne2 Nd7 10.h4 Nef6 11.Bxg6 hxg6 12.Nbc3 c6 13.O-O-O Nb6 14.Kb1 Qd7 15.Nf4 Qg4
16.Qe2 Qxe2 17.Ncxe2 Nc4 18.Bc1 Ne4 19.Nd3 O-O-O 20.f3 Ned6 21.b3 Nb6 22.Bg5 Rde8
23.Nef4 Nd7 24.Bxe7 Rxe7 25.g4 Nb5 26.Rde1 Rhe8 27.Ref1 Nxd4 28.h5 gxh5 29.Rxh5 Ne5
30.Nxe5 Rxe5 31.Rh7 Re1+ 32.Rxe1 Rxe1+ 33.Kb2 Nxf3 34.Rxg7 Ne5 35.g5 Re4
36.Nh5 d4 37.Nf6 Re2 38.Kb1 a5 39.a4 b5 40.axb5 cxb5 41.Rg8+ Kb7 42.Rd8 Nf3
43.Rd7+ Kb6 44.Rxf7 Nxg5 45.Nd5+ Kc6 46.Rf5 Ne4 47.Ne7+ Kd7 48.Ng6 Re1+ 49.Kb2 Nc3
50.Ne5+ Ke6  0-1

[Event "ch-ESP Open"]
[Site "Ayamonte ESP"]
[Date "2002.10.08"]
[Round "5"]
[White "Moreno Ruiz,J"]
[Black "Ayas Fernandez,A"]
[Result "0-1"]
[WhiteElo "2409"]
[BlackElo "2290"]

1.d4 Nf6 2.Bg5 e6 3.e4 h6 4.Bxf6 Qxf6 5.c3 d6 6.Bd3 Qg6 7.Qf3 e5 8.h3 Be7
9.Ne2 Bh4 10.Nd2 Nc6 11.Bb5 Bd7 12.d5 Ne7 13.Bxd7+ Kxd7 14.O-O Bg5 15.Qg4+ f5
16.exf5 Qxf5 17.Qa4+ Kc8 18.Ne4 Nxd5 19.Qc4 Qe6 20.Rad1 c6 21.Qd3 Rd8 22.c4 Nb6
23.Nxd6+ Kc7 24.c5 Na4 25.Qc2 Nxc5 26.Qxc5 Rxd6 27.Nc3 a6 28.Rxd6 Qxd6 29.Qa5+ b6
30.Qa4 Kb7 31.Rd1 Qe7 32.Qg4 Rd8 33.Rxd8 Qxd8 34.Ne4 Qe7 35.Qf5 Bc1 36.b3 Bb2
37.Qg6 Kc7 38.Ng3 e4 39.Nxe4 a5 40.Qf5 Be5 41.Nd2 b5 42.a4 Qd6 43.Qc2 Kb6
44.Ne4 Qd4 45.g3 c5 46.axb5 Kxb5 47.Kg2 Kb4 48.Nd2 Qd5+ 49.Kh2 Bc3 50.Ne4 Qxb3
51.Qd3 Bd4 52.Qd2+ Kb5 53.Nd6+ Kc6 54.Nf5 Qb2 55.Nxd4+ Qxd4 56.Qxa5 Qxf2+
57.Kh1 Qxg3 58.Qa6+ Kd7 59.Qb7+ Ke6 60.Qc8+ Kd5 61.Qd7+ Ke4 62.Qc6+ Kd4 63.Qa4+ c4
64.Qd7+ Kc3 65.Qc8 Kb3 66.Qe6 Qf3+ 67.Kh2 Qf4+ 68.Kh1 Qd4 69.Kg2 Kb2 70.Qe2+ Kb3
71.Qe6 Kc2 72.Kh1 Qd3 73.Kg2 Kd2 74.Qf7 Qe4+ 75.Kg3 Qe5+ 76.Kg4 Qg5+  0-1

[Event "EuYCh G18"]
[Site "Peniscola ESP"]
[Date "2002.10.08"]
[Round "9"]
[White "Motoc,A"]
[Black "Yakivchik,M"]
[Result "1-0"]
[WhiteElo "2264"]
[BlackElo "2257"]

1.d4 Nf6 2.Bg5 e6 3.e4 h6 4.Bxf6 Qxf6 5.c3 d6 6.Bd3 g6 7.Ne2 Bg7 8.O-O O-O
9.f4 Nd7 10.e5 Qe7 11.Nd2 Rd8 12.Ne4 b6 13.N2g3 a5 14.Qe2 Bb7 15.Rae1 Nb8
16.Nd2 Bd5 17.Nge4 Bxe4 18.exd6 cxd6 19.Qxe4 d5 20.Qf3 Qd6 21.g4 Nd7 22.h4 b5
23.Bxb5 Rab8 24.a4 f5 25.g5 h5 26.Nb3 Ra8 27.Re3 Nf8 28.Nc5 Qe7 29.Rfe1 Rd6
30.Nxe6 Nxe6 31.Rxe6 Rxe6 32.Qxd5 Kh7 33.Rxe6 Qf8  1-0

[Event "ch-ESP Open"]
[Site "Ayamonte ESP"]
[Date "2002.10.11"]
[Round "8"]
[White "Ibanez Terradellas,E"]
[Black "Perez Candelario,M"]
[Result "1/2-1/2"]
[WhiteElo "2267"]
[BlackElo "2408"]

1.d4 Nf6 2.Bg5 e6 3.Nf3 h6 4.Bh4 d6 5.Nbd2 g5 6.Bg3 Nh5 7.e3 Bg7 8.c3 Nd7
9.Bd3 Qe7 10.Qe2 Ndf6 11.O-O-O Bd7 12.Nc4 Nd5 13.Nfd2 Nxg3 14.hxg3 O-O-O
15.e4 Nb6 16.Na5 Kb8 17.Ndb3 Bc8 18.Bb5 Ka8 19.Nc6 bxc6 20.Bxc6+ Bb7 21.Qb5 Bxc6
22.Qxc6+ Kb8 23.Na5 Kc8 24.Qb7+  1/2-1/2

[Event "TCh-SWE"]
[Site "Helsingborg SWE"]
[Date "2002.10.11"]
[Round "1"]
[White "Fagerstrom,B"]
[Black "Lindberg,Be"]
[Result "0-1"]
[WhiteElo "2112"]
[BlackElo "2382"]

1.d4 Nf6 2.Bg5 e6 3.e4 c5 4.d5 d6 5.Nc3 Be7 6.Bf4 O-O 7.Nf3 exd5 8.exd5 Na6
9.Bc4 Nc7 10.a4 Rb8 11.O-O a6 12.a5 Nd7 13.Qd3 b5 14.axb6 Nxb6 15.b3 Bf6
16.Rad1 Bxc3 17.Qxc3 Bf5 18.Rfe1 h6 19.Bc1 Nxc4 20.bxc4 Bh7 21.Bb2 f6 22.Nd2 Re8
23.Nb3 Qd7 24.Na5 Rxe1+ 25.Rxe1 Re8 26.Rxe8+ Qxe8 27.Nb7 Qe2 28.h3 Ne8 29.Qa5 Bg6
30.Nxd6 Nxd6 31.Qd8+ Ne8  0-1

[Event "TCh-BEL 2001-2"]
[Site "Belgium BEL"]
[Date "2002.10.15"]
[Round "10"]
[White "Groffen,H"]
[Black "Laurent,B"]
[Result "1/2-1/2"]
[WhiteElo "2221"]
[BlackElo "2291"]

1.d4 Nf6 2.Bg5 e6 3.e4 h6 4.Bxf6 Qxf6 5.Nc3 Bb4 6.Qd2 d6 7.O-O-O Nc6 8.f4 e5
9.dxe5 dxe5 10.f5 O-O 11.Qe3 Bxc3 12.Qxc3 b6 13.Nf3 Bb7 14.Bc4 Rad8 15.Qe3 Nd4
16.Nd2 b5 17.Bb3 c5 18.c3 c4 19.cxd4 exd4 20.Qf4 cxb3 21.axb3 Rfe8 22.Rhe1 d3
23.e5 Qg5 24.Qxg5 hxg5 25.Re3 Bxg2 26.Rg1 Bb7 27.Rxg5 f6 28.Rgg3 Rd5 29.Ne4 Kf8  1/2-1/2

[Event "Essent Open"]
[Site "Hoogeveen NED"]
[Date "2002.10.15"]
[Round "5"]
[White "Van Lommel,P"]
[Black "Cako,L"]
[Result "0-1"]
[WhiteElo "2226"]
[BlackElo "2115"]

1.d4 Nf6 2.Bg5 e6 3.e4 h6 4.Bxf6 Qxf6 5.Nf3 d6 6.Nc3 g6 7.Qd2 Bg7 8.O-O-O a6
9.e5 Qe7 10.h4 h5 11.Kb1 dxe5 12.Nxe5 Nd7 13.Nxd7 Bxd7 14.Bd3 Bc6 15.d5 Bd7
16.Rhe1 O-O-O 17.Qe3 Kb8 18.d6 cxd6 19.Bxa6 Bxc3 20.bxc3 Bc6 21.Bf1 Qxh4
22.Rd4 Qf6 23.Rb4 Qe5 24.Qd2 Qa5 25.c4 Qc5 26.Re3 Kc7 27.Rbb3 Ra8 28.Qc3 Rhd8
29.Bd3 Ra6 30.Qf6 Rd7 31.Be4 Qa5 32.Bxc6 Qxa2+ 33.Kc1 Rxc6 34.Qf3 Qa1+ 35.Rb1 Qd4
36.Reb3 b6 37.Ra3 Qxc4 38.Ra7+ Kb8 39.Rxb6+ Kxa7 40.Rxc6 Qf1+ 41.Kd2 Qb5
42.Qe3+ Kb7 43.Rc3 Qd5+ 44.Kc1 Rc7 45.Rxc7+ Kxc7 46.Qf4 e5 47.Qh4 Kd7 48.Qh3+ Ke7
49.g4 Qe6 50.f3 e4 51.fxe4 Qxg4 52.Qe3 g5 53.Qa7+ Ke6 54.Qa2+ Kf6 55.Qb2+ Kg6
56.Qh8 Qf4+ 57.Kb1 h4 58.Qc8 Qf1+ 59.Ka2 h3 60.Qg8+ Kh5 61.Qh8+ Kg4 62.Qc8+ Kg3
63.Qc3+ Qf3 64.Qe1+ Qf2 65.Qa5 Qxc2+ 66.Ka1 Qc1+ 67.Ka2 h2  0-1

[Event "TCh-FIN 2002-3"]
[Site "Finland FIN"]
[Date "2002.10.19"]
[Round "2"]
[White "Nivala,T"]
[Black "Haapasalo,JP"]
[Result "1/2-1/2"]
[WhiteElo "2218"]
[BlackElo "2148"]

1.d4 Nf6 2.Bg5 e6 3.Nd2 c5 4.e3 b6 5.Ngf3 Bb7 6.Bd3 Be7 7.O-O cxd4 8.exd4 O-O
9.Qe2 Nc6 10.Ne4 Nxe4 11.Bxe7 Nxe7 12.Bxe4 Bxe4 13.Qxe4 Rc8 14.c3 d5 15.Qe2 Nc6
16.Rae1 Rb8 17.Ne5 Nxe5 18.Qxe5 b5 19.a3 a5 20.f4 g6 21.Re3 b4 22.axb4 axb4
23.Rg3 bxc3 24.bxc3 Rb2 25.f5 exf5 26.Qxf5 Qd6 27.Qf3 Qe6 28.Qe3 Ra8 29.Qxe6 fxe6
30.h4 Raa2 31.h5 Kg7 32.Kh2 Rf2 33.Rxf2 Rxf2 34.hxg6 hxg6 35.Kh3 Kf6 36.Kg4 Rf5
37.Re3 Rg5+ 38.Kf3 Rf5+ 39.Kg4 Rg5+ 40.Kf3 Rf5+ 41.Kg4  1/2-1/2

[Event "TCh-FIN 2002-3"]
[Site "Finland FIN"]
[Date "2002.10.19"]
[Round "2"]
[White "Maki Uuro,Mi"]
[Black "Kiik,K"]
[Result "1/2-1/2"]
[WhiteElo "2338"]
[BlackElo "2450"]

1.d4 Nf6 2.Bg5 e6 3.e4 h6 4.Bxf6 Qxf6 5.c3 d6 6.Bd3 e5 7.Ne2 Nc6 8.O-O g5
9.Na3 a6 10.Nc2 h5 11.Ne3 Ne7 12.Ng3 Be6 13.dxe5 Qxe5 14.Nxh5 g4 15.Ng3 Qf4
16.Nef5 O-O-O 17.Qc1 Ng6 18.Qxf4 Nxf4 19.Rfd1 d5 20.exd5 Rxd5 21.Bc2 Bc5
22.Rxd5 Bxd5 23.Ne3 Bc6 24.Bf5+ Kb8 25.Bxg4 Bxe3 26.fxe3 Nxg2 27.e4 Ne3 28.Be2 Rh4
29.Kf2 Ng4+ 30.Bxg4 Rxg4 31.Re1 Rh4 32.Kg1 Kc8 33.Rf1 Rh7 34.Rf4 Kd7 35.h4 Ke6
36.Kf2 Rh8 37.Rg4 Rd8 38.h5 Rd2+ 39.Ke3 Rh2 40.Rf4 f6 41.Nf5 Rh3+ 42.Rf3 Rh2
43.Nd4+ Ke7 44.Nxc6+ bxc6 45.Rf5 Rxb2 46.e5 fxe5 47.Rxe5+ Kd6 48.Ra5 Rc2
49.Kd3 Rh2 50.Kc4 Rh4+ 51.Kb3 c5 52.Rxa6+ c6 53.Ra7 Rxh5 54.a4 Rh1 55.a5 Rb1+
56.Kc4 Rb5 57.a6 Ra5 58.Kb3  1/2-1/2

[Event "Before Thunder Storm"]
[Site "Tel Aviv ISR"]
[Date "2002.10.23"]
[Round "4"]
[White "Drozdov,Alexandre"]
[Black "Kantarji,P"]
[Result "0-1"]
[WhiteElo "2314"]
[BlackElo "2304"]

1.d4 Nf6 2.Bg5 e6 3.e4 h6 4.Bxf6 Qxf6 5.Nf3 d5 6.Nbd2 Qd8 7.c3 Be7 8.Bd3 c5
9.dxc5 Bxc5 10.exd5 Qxd5 11.Nb3 Nc6 12.Qc2 Ne5 13.O-O-O Nxd3+ 14.Rxd3 Qf5
15.Qd2 Bb6 16.g4 Qf6 17.h4 Bd7 18.g5 hxg5 19.Re1 Bb5 20.hxg5 Qf5 21.Rd5 Qxf3
22.Rxb5 Bxf2 23.Re2 Rh1+ 24.Kc2 Rd8 25.Nd4 Bxd4 26.cxd4 Qc6+ 27.Rc5 Qa4+
28.Kc3 Rd1 29.Qe3 R1xd4 30.a3 Qd1  0-1

[Event "2nd Rohde Open"]
[Site "Sautron FRA"]
[Date "2002.10.27"]
[Round "2"]
[White "Legky,N"]
[Black "Spiridonov,Nikolai"]
[Result "1-0"]
[WhiteElo "2503"]
[BlackElo "2182"]

1.d4 Nf6 2.Bg5 e6 3.e4 h6 4.Bxf6 Qxf6 5.Nc3 Bb4 6.Qd3 Nc6 7.O-O-O Bxc3 8.Qxc3 d6
9.Kb1 Bd7 10.Qe3 e5 11.d5 Ne7 12.g3 c5 13.h4 h5 14.Bh3 O-O-O 15.Bxd7+ Rxd7
16.Nf3 Qh6 17.Qa3 Kb8 18.Ng5 Ng6 19.Qa4 Re7 20.Rd3 Rc8 21.Ra3 b6 22.Rd1 Nf8
23.Qc4 Nh7 24.Nf3 Qg6 25.Rb3 Qg4 26.a4 Rb7 27.Re1 f6 28.Nd2 Qd7 29.Ree3 g5
30.Qa6 gxh4 31.gxh4 Rg8 32.Nc4 Rd8 33.Na5 Rc7 34.Nc6+ Rxc6 35.dxc6 Qxc6 36.a5 Qb7
37.Qb5 Kc7 38.Rg3 Nf8 39.Rg7+ Rd7 40.axb6+ axb6 41.Rxd7+ Nxd7 42.Qc4 f5 43.exf5 Qh1+
44.Ka2 d5 45.Qa4 d4 46.Rg3 Qd5+ 47.b3 e4 48.Qa7+ Kd6 49.Rg6+ Ke7 50.Rg7+ Ke8
51.Qc7  1-0

[Event "Before Thunder Storm"]
[Site "Tel Aviv ISR"]
[Date "2002.10.28"]
[Round "9"]
[White "Drozdov,Alexandre"]
[Black "Shutzman,J"]
[Result "1/2-1/2"]
[WhiteElo "2314"]
[BlackElo "2187"]

1.d4 Nf6 2.Bg5 e6 3.e4 h6 4.Bxf6 Qxf6 5.Nf3 d6 6.Nc3 Nd7 7.Qd2 g6 8.O-O-O Bg7
9.Be2 Qe7 10.h4 O-O 11.h5 g5 12.Qe3 a6 13.Kb1 b5  1/2-1/2

[Event "Olympiad"]
[Site "Bled SLO"]
[Date "2002.10.29"]
[Round "4"]
[White "Mehmeti,D"]
[Black "Rayner,F"]
[Result "1/2-1/2"]
[WhiteElo "2302"]
[BlackElo "2219"]

1.d4 Nf6 2.Bg5 e6 3.e4 c5 4.d5 d6 5.Nc3 Be7 6.Nf3 O-O 7.Be2 exd5 8.exd5 Bg4
9.O-O Nbd7 10.Re1 Re8 11.h3 Bxf3 12.Bxf3 Ne5 13.Bf4 Nfd7 14.Bg4 g6 15.Bxd7 Nxd7
16.Ne4 Qb6 17.c4 Nf6 18.Qb3 Nxe4 19.Rxe4 Bf8 20.Rae1 Rxe4 21.Rxe4 Qc7 22.Qe3 Qd7
23.h4 b5 24.h5 bxc4 25.hxg6 hxg6 26.Bh6 Qa4 27.f3 Qd1+ 28.Kf2 Qxd5 29.Re8 Rxe8
30.Qxe8 Qd4+ 31.Kf1 Qd1+ 32.Kf2 Qd4+ 33.Kf1 Qd1+  1/2-1/2

[Event "British Rapidplay"]
[Site "Bradford ENG"]
[Date "2002.11.01"]
[Round "10"]
[White "Wells,P"]
[Black "Britton,R"]
[Result "1-0"]
[WhiteElo "2489"]
[BlackElo "2295"]

1.d4 Nf6 2.Bg5 e6 3.e4 h6 4.Bxf6 Qxf6 5.Qd2 d6 6.Nc3 a6 7.f4 g5 8.f5 exf5
9.Nd5 Qd8 10.exf5 c6 11.Ne3 Bg7 12.O-O-O Nd7 13.h4 gxh4 14.Nf3 Bf6 15.Kb1 Rg8
16.Nc4 d5 17.Re1+ Kf8 18.Qxh6+ Rg7 19.Nd6 Be7 20.Rxh4 Nf6 21.Nxf7 Kxf7 22.Ne5+  1-0

[Event "3rd Weekend"]
[Site "Novara ITA"]
[Date "2002.11.03"]
[Round "6"]
[White "Ubezio,M"]
[Black "Mazzariol,O"]
[Result "1-0"]
[WhiteElo "2195"]
[BlackElo "2141"]

1.d4 Nf6 2.Bg5 e6 3.e4 h6 4.Bxf6 Qxf6 5.Nc3 Bb4 6.Qd2 c5 7.e5 Qe7 8.a3 cxd4
9.axb4 dxc3 10.Qxc3 O-O 11.b5 b6 12.Be2 Bb7 13.Bf3 Rc8 14.Bxb7 Rxc3 15.bxc3 Qc5
16.Ne2 Qxb5 17.Bxa8 a5 18.f4 f6 19.exf6 d5 20.f5 e5 21.fxg7 Nd7 22.O-O Qxe2
23.f6 Qc4 24.Kh1 Qc5 25.Rad1 d4 26.cxd4 exd4 27.Rde1 Nxf6 28.Rxf6 Qxc2 29.Be4 Qc5
30.Rg6  1-0

[Event "Olympiad w"]
[Site "Bled SLO"]
[Date "2002.11.05"]
[Round "10"]
[White "Mamedjarova,Z"]
[Black "Stevanec,L"]
[Result "1-0"]
[WhiteElo "2259"]
[BlackElo "2111"]

1.d4 Nf6 2.Bg5 e6 3.e4 h6 4.Bxf6 Qxf6 5.e5 Qd8 6.Bd3 d5 7.c3 b6 8.Nh3 Bb7
9.O-O Nd7 10.Nd2 Qe7 11.a4 a5 12.f4 g6 13.Qe2 Bg7 14.Nf3 c5 15.b3 O-O 16.g4 cxd4
17.cxd4 Qb4 18.f5 Nxe5 19.dxe5 Qxg4+ 20.Qg2 exf5 21.Nf2 Qxg2+ 22.Kxg2 d4
23.Rfe1 Rfe8 24.Bb5 Rxe5 25.Rxe5 Bxe5 26.h3 Rc8 27.Bc4 Re8 28.Bb5 Re7 29.Re1 Kf8
30.Nd3 Bd6 31.Rxe7 Kxe7 32.Kf2 Bc5 33.Nfe5 Bd5 34.Bc4 Be4 35.Nxc5 bxc5 36.Nxf7 h5
37.h4 Bc2 38.Ne5 f4 39.Kf3 Kf6 40.Kxf4 Bf5 41.Nd3 g5+ 42.hxg5+ Kg6 43.Ne5+  1-0

[Event "Olympiad"]
[Site "Bled SLO"]
[Date "2002.11.07"]
[Round "12"]
[White "Torre,E"]
[Black "Georgiev,Ki"]
[Result "0-1"]
[WhiteElo "2523"]
[BlackElo "2658"]

1.d4 Nf6 2.Bg5 e6 3.Nd2 h6 4.Bh4 d6 5.e4 Nbd7 6.c3 Be7 7.Ngf3 Nh5 8.Bxe7 Qxe7
9.e5 dxe5 10.Nxe5 Nhf6 11.Ndf3 c5 12.Bb5 O-O 13.Bxd7 Nxd7 14.Nxd7 Bxd7 15.dxc5 Rfd8
16.Qd6 Qf6 17.Qe5 Qg6 18.O-O Bc6 19.Qg3 Qc2 20.Ne5 Qxb2 21.Rab1 Qc2 22.h4 a5
23.Qf4 Rf8 24.Rbd1 Qxc3 25.Rd3 Qb4 26.Rd4 Qxc5 27.Rc1 Qe7 28.Rc3 Rad8 29.Rg3 Kh7
30.Rc4 Bd5 31.Ra4 b6 32.Qe3 Rg8 33.Qxb6 Rb8 34.Qe3 Rb4 35.Rxb4 axb4 36.Qf3 Bxa2
37.Nxf7 Qf6 38.Qe4+ Qf5 39.Qb7 Bd5 40.Qc7 b3 41.Nxh6 Kxh6 42.Qc1+ Kh7 43.Rg5 Qf7
44.Qb1+ Kh8 45.g4 g6 46.Qb2+ Qg7 47.Re5 Rf8 48.Qd4 Qf6 49.f4 Kh7 50.f5 Qxh4  0-1

[Event "Olympiad w"]
[Site "Bled SLO"]
[Date "2002.11.08"]
[Round "13"]
[White "Puuska,H"]
[Black "Orel,K"]
[Result "0-1"]
[WhiteElo "2077"]
[BlackElo "1917"]

1.d4 Nf6 2.Bg5 e6 3.e4 Be7 4.Bd3 c5 5.dxc5 Qa5+ 6.Nc3 Qxc5 7.Be3 Qa5 8.f3 a6
9.Ne2 Nc6 10.Nc1 Bb4 11.Bd2 Qc7 12.Nb3 Ne5 13.O-O O-O 14.f4 Nc4 15.e5 Nxd2
16.Nxd2 Bxc3 17.bxc3 Nd5 18.Ne4 f5 19.Nd6 Ne3 20.Qh5 g6 21.Qh6 Nxf1 22.Rxf1 Qd8
23.g4 Qe7 24.g5 b5 25.c4 bxc4 26.Bxc4 a5 27.Qh3 Ba6 28.Bxa6 Rxa6 29.Qd3 Raa8
30.Rb1 Rfb8 31.Rxb8+ Rxb8 32.Qa6 Qd8 33.Nc4 Qc7 34.Nxa5 Rb1+ 35.Kf2 Qxc2+
36.Ke3 Qc3+ 37.Kf2 Rb2+ 38.Kg1 Qe3+  0-1

[Event "ch-ROM"]
[Site "Curtea de Arges ROM"]
[Date "2002.11.25"]
[Round "2.1"]
[White "Negulescu,A"]
[Black "Berescu,A"]
[Result "1/2-1/2"]
[WhiteElo "2438"]
[BlackElo "2429"]

1.d4 Nf6 2.Bg5 e6 3.e4 h6 4.Bxf6 Qxf6 5.Nc3 Bb4 6.Ne2 Nc6 7.e5 Qe7 8.Qd3 d6
9.a3 Bxc3+ 10.Qxc3 Bd7 11.g3 O-O-O 12.Bg2 Nb8 13.exd6 Qxd6 14.O-O-O g6 15.Nf4 g5
16.Qb3 Qb6 17.Qxb6 axb6 18.Nd3 Bc6 19.Bxc6 Nxc6 20.c3 f6 21.h4 Ne7 22.Rde1 Kd7
23.g4 Rde8 24.f3 Ng6 25.h5 Nf4 26.Nxf4 gxf4 27.Re4 e5 28.Kc2 Re7 29.Rhe1 Kd6
30.Kd3 Rd8 31.Kc4 Ra8 32.R4e2 Ra4+ 33.Kd3 b5 34.Re4 Ra8 35.Kc2 Ree8 36.R4e2 Ra4
37.Kd3 Kd5 38.Re4 Raa8 39.R1e2 b6 40.Rd2 Ke6 41.Kc2 Rad8 42.Rde2 Kd6 43.Kb3 c5
44.dxe5+ fxe5 45.c4 bxc4+ 46.Kxc4 Ra8 47.Kb5 Ra5+ 48.Kc4 b5+ 49.Kc3 Re7 50.Rd2+ Kc6
51.Rd8 Raa7 52.Rf8 Kd5 53.Re1 Ra4 54.Rd1+ Rd4 55.Rxd4+ exd4+ 56.Kd2 Kc4 57.Rxf4  1/2-1/2

[Event "ch-Balkan"]
[Site "Istanbul TUR"]
[Date "2002.12.12"]
[Round "4"]
[White "Miladinovic,I"]
[Black "Ermenkov,E"]
[Result "0-1"]
[WhiteElo "2518"]
[BlackElo "2463"]

1.d4 Nf6 2.Bg5 e6 3.Nc3 h6 4.Bxf6 Qxf6 5.e4 d6 6.Nf3 Nd7 7.Qd2 c6 8.h4 e5
9.O-O-O Be7 10.Kb1 Bd8 11.Ne2 Bb6 12.c3 Qe7 13.Ng3 Nf6 14.Re1 g6 15.Ng1 h5
16.f4 Ng4 17.Nf3 f6 18.Bd3 Be6 19.Rhf1 O-O-O 20.Ne2 Qg7 21.Bc2 Rhe8 22.Nc1 Qg8
23.g3 Bc4 24.Bb3 d5 25.Bxc4 dxc4 26.Re2 Kb8 27.Rd1 Rd7 28.Qe1 Red8 29.Red2 exd4
30.Nxd4 Qe8 31.Qe2 Kc8 32.a4 Bc7 33.Nf3 Rxd2 34.Rxd2 Rxd2 35.Nxd2 b5 36.axb5 cxb5
37.b3 cxb3 38.Ncxb3 Bb6 39.c4 bxc4 40.Nxc4 Bc7 41.Qc2 Kb8 42.Nd4 Qd7 43.Qb3+ Bb6
44.Nb5 Qe6 45.Nbd6 Ne3 46.Qd3 Nxc4 47.Nxc4 Kc7 48.e5 fxe5 49.Nxe5 Qf5 50.Kc2 Bf2
51.Nxg6 Qxd3+ 52.Kxd3 Bxg3 53.Kc4 Kd7 54.f5 Ke8 55.f6 Kf7 56.Ne7 Bxh4 57.Nc6 Bf2
58.Nxa7 h4 59.Nb5 Kxf6 60.Nd6 Ke5 61.Kd3 h3 62.Ne4 Bh4 63.Nd2 Kf4 64.Nf1 Kf3
65.Nh2+ Kg3 66.Nf1+ Kf2 67.Ne3 Bg5 68.Ng4+ Kg3 69.Ke2 Kxg4 70.Kf2  0-1

[Event "ch-Balkan"]
[Site "Istanbul TUR"]
[Date "2002.12.12"]
[Round "4"]
[White "Rusev,K"]
[Black "Nikolaidis,I"]
[Result "1/2-1/2"]
[WhiteElo "2297"]
[BlackElo "2495"]

1.d4 Nf6 2.Bg5 e6 3.e4 h6 4.Bxf6 Qxf6 5.Nc3 g6 6.Qd2 Bg7 7.O-O-O d6 8.f4 O-O
9.Nf3 a6 10.e5 Qe7 11.h4 dxe5 12.dxe5 Nc6 13.h5 Rd8 14.Bd3 Nb4 15.Qe2 Nxd3+
16.cxd3 Bd7 17.g4 Bc6 18.Ne4 Qb4 19.a3 Qa4 20.Qc2 Qxc2+ 21.Kxc2 Kf8 22.Rhe1 gxh5
23.gxh5 Ke7 24.d4 Rg8 25.Kd3 Bh8 26.Rg1 f5 27.Ned2 Be8 28.Rxg8 Bb5+ 29.Ke3 Rxg8
30.d5 exd5 31.Rc1 Kd7 32.Nb3 b6 33.Nbd4 c5 34.Nxf5 Rg2 35.N3h4 d4+ 36.Ke4 Bc6+
37.Kd3 Bb5+ 38.Ke4 Bc6+ 39.Kd3 Rxb2 40.Ng6 Bb5+ 41.Ke4 Bc6+ 42.Kd3 Bb5+ 43.Ke4  1/2-1/2

[Event "19th WJun Girls"]
[Site "Goa IND"]
[Date "2002.12.16"]
[Round "9"]
[White "Koneru,C"]
[Black "Delphin,C"]
[Result "1-0"]
[WhiteElo "2086"]
[BlackElo "2084"]

1.d4 Nf6 2.Bg5 e6 3.Nd2 h6 4.Bh4 d5 5.e3 Be7 6.Ngf3 Nbd7 7.Bd3 c5 8.c3 O-O
9.O-O Re8 10.Re1 a6 11.Bg3 c4 12.Bc2 b5 13.e4 Bb7 14.h3 dxe4 15.Nxe4 Nxe4
16.Bxe4 Bxe4 17.Rxe4 Nf6 18.Re2 Nd5 19.Qd2 Bd6 20.Bxd6 Qxd6 21.Rae1 a5 22.Ne5 Rac8
23.a3 f6 24.Ng4 Nf4 25.Re4 e5 26.Qe3 Nd3 27.dxe5 fxe5 28.Rd1 Qc5 29.Nxh6+ gxh6
30.Rg4+ Kh7 31.Qe4+ Kh8 32.Qg6 Qf8 33.Rd2 Rc7 34.Qb6 Rh7 35.Qxb5 Nf4 36.Qxc4 Rg7
37.Qb5 Rxg4 38.hxg4 Ng6 39.Qxa5 Qf4 40.Qb5 Rf8 41.Qe2 e4 42.Rd4 Qc1+ 43.Rd1 Qf4
44.g5 Qxg5 45.Qxe4 Nf4 46.Rd7 Nh3+ 47.Kh2 Qf4+ 48.Qxf4 Nxf4 49.c4 Rc8 50.Rd4 Ne2
51.Re4 Nc1 52.b4 Ra8 53.Re3 Kg7 54.c5 Kf6 55.c6 Rc8 56.b5 Na2 57.Kg3 Rc7
58.Kf3 Nc1 59.Rc3 Na2 60.Rc2  1-0

[Event "TCh-BEL 2002-3"]
[Site "Belgium BEL"]
[Date "2002.12.23"]
[Round "5"]
[White "Eliet,N"]
[Black "Chuchelov,V"]
[Result "1/2-1/2"]
[WhiteElo "2412"]
[BlackElo "2593"]

1.d4 Nf6 2.Bg5 e6 3.e4 h6 4.Bxf6 Qxf6 5.Nc3 d6 6.Qd2 g5 7.h4 g4 8.f4 gxf3
9.Nxf3 Nc6 10.Bb5 Bd7 11.Rf1 Qe7 12.O-O-O Bg7 13.Qf2 a6 14.Bxc6 Bxc6 15.Rd3 Bd7
16.Nd2 Rf8 17.Rf3 O-O-O 18.d5 b6 19.Nc4 Kb7 20.Rxf7 Rxf7 21.Qxf7 Re8 22.e5 Bxe5
23.Nxe5 dxe5 24.Qxe7 Rxe7 25.Rf6 exd5 26.Nxd5 Rg7 27.Ne3 Bc6 28.Rxh6 Bxg2
29.Re6 Bc6 30.Rxe5 Rh7 31.Nf5 Bd7 32.h5 Kc6 33.Ng3 Kd6 34.Rg5 Ke6 35.Kd2 Be8
36.Ke3 Rd7 37.Kf4 Rd2 38.Re5+ Kf7 39.Re2 Rd4+ 40.Re4 Rd2 41.Rc4 c5 42.Rc3 Bc6
43.Kg5 Rg2 44.Kf5 Bd7+ 45.Ke5 Ke7 46.b3 Rh2 47.a4 a5 48.Kf4 Rh4+ 49.Ke3 Rh2
50.Kf3 Be6 51.Kf4 Rh4+ 52.Ke5 Rh2  1/2-1/2

[Event "XVIII Winter Open"]
[Site "Nice FRA"]
[Date "2002.12.26"]
[Round "1"]
[White "Miladinovic,I"]
[Black "Peray,S"]
[Result "1-0"]
[WhiteElo "2518"]
[BlackElo "2169"]

1.d4 Nf6 2.Bg5 e6 3.e3 c5 4.c3 b6 5.Nd2 Bb7 6.Ngf3 Be7 7.Bxf6 Bxf6 8.Bd3 d6
9.Qe2 Nc6 10.a3 Rc8 11.Rd1 Qe7 12.b4 d5 13.bxc5 bxc5 14.Rb1 Rc7 15.Ba6 c4
16.Bxb7 Rxb7 17.e4 O-O 18.O-O Rxb1 19.Nxb1 Qb7 20.Re1 h6 21.h4 Rb8 22.g4 Qb2
23.Qe3 Qc2 24.Nbd2 Be7 25.g5 hxg5 26.hxg5 g6 27.Qf4 Rb7 28.Kg2 Qxc3 29.exd5 exd5
30.Rh1 Bf8 31.Qf6  1-0

[Event "Open"]
[Site "Robecchetto ITA"]
[Date "2002.12.27"]
[Round "3"]
[White "Barlocco,C"]
[Black "Mrdja,M"]
[Result "0-1"]
[WhiteElo "2160"]
[BlackElo "2368"]

1.d4 Nf6 2.Bg5 e6 3.e3 h6 4.Bh4 d6 5.Nf3 Nbd7 6.Be2 Be7 7.O-O b6 8.a4 a6
9.c4 a5 10.Nc3 Bb7 11.Qc2 Rc8 12.Nd2 O-O 13.Bg3 c5 14.Nb5 d5 15.b3 Ne8 16.Rfd1 cxd4
17.exd4 Ndf6 18.Rac1 dxc4 19.bxc4 Nd6 20.Nxd6 Bxd6 21.Bf3 Bxg3 22.hxg3 Bxf3
23.Nxf3 Nd5 24.Ne5 Nb4 25.Qb3 Qc7 26.c5 Rfd8 27.Rc4 bxc5 28.Rxc5 Qa7 29.Rdc1 Rxc5
30.dxc5 Rd5 31.Qe3 Qc7 32.f4 f6 33.Ng4 Qd7 34.Nf2 f5 35.g4 Kh7 36.gxf5 exf5
37.Qb3 Qc6 38.Qc4 Rd7 39.Qb5 Rd4 40.Qxa5 Rxf4 41.Rb1 Qe6 42.g3 Rxf2 43.Qxb4 Qe2
44.Qh4 Qe3 45.Rb3 Qe1+  0-1

[Event "TCh-ESP"]
[Site "Mondariz ESP"]
[Date "2002.12.30"]
[Round "1"]
[White "Pomes Marcet,J"]
[Black "Lezcano Jaen,P"]
[Result "1/2-1/2"]
[WhiteElo "2380"]
[BlackElo "2402"]

1.d4 Nf6 2.Bg5 e6 3.e4 h6 4.Bxf6 Qxf6 5.Nc3 d6 6.Qd2 c6 7.O-O-O e5 8.d5 Be7
9.g3 Nd7 10.h4 c5 11.Kb1 Bd8 12.f4 Ba5 13.f5 a6 14.g4 Qd8 15.Rh3 b5 16.Qg2 Bxc3
17.Rxc3 Qxh4 18.Rh3 Qe7 19.g5 Bb7 20.f6 gxf6 21.gxh6 f5 22.exf5 O-O-O 23.Ne2 Rdg8
24.Ng3 Nf6 25.a4 bxa4 26.Bc4 Qf8 27.Rdh1 Kb8 28.Qf3 Rh7 29.Qd3 Ka7  1/2-1/2

[Event "38th Junior"]
[Site "Hallsberg SWE"]
[Date "2003.01.04"]
[Round "8"]
[White "Kanep,M"]
[Black "Palo,D"]
[Result "1/2-1/2"]
[WhiteElo "2389"]
[BlackElo "2489"]

1.d4 Nf6 2.Bg5 e6 3.e4 h6 4.Bxf6 Qxf6 5.c3 g6 6.Bd3 Bg7 7.Ne2 O-O 8.f4 Qh4+
9.g3 Qe7 10.Nd2 b6 11.Qc2 Ba6 12.O-O-O c5 13.d5 b5 14.c4 exd5 15.exd5 bxc4
16.Bxc4 Bxc4 17.Nxc4 Na6 18.a3 d6 19.Nc3 Nc7 20.Rhe1 Qd7 21.f5 Kh7 22.h4 Rae8
23.h5 Qxf5 24.Qxf5 gxf5 25.Rxe8 Nxe8 26.Nb5 Be5 27.Nxe5 dxe5 28.d6 Nf6 29.Nxa7 Nd7
30.Nc6 Rg8 31.Rd3 Rg4 32.Rb3 f4 33.gxf4 exf4 34.Kd2 Rg5 35.Ne7 Rg2+ 36.Ke1 Ne5
37.Nd5 Rg1+ 38.Ke2 Rg2+ 39.Ke1 Rg1+ 40.Kf2 Rd1 41.Nxf4 Rxd6 42.Rb7 Kg7 43.Ke3 Nc4+  1/2-1/2

[Event "Troll Masters"]
[Site "Gausdal NOR"]
[Date "2003.01.10"]
[Round "5"]
[White "Unander,M"]
[Black "Berg,O"]
[Result "0-1"]
[WhiteElo "2214"]
[BlackElo "2065"]

1.d4 Nf6 2.Bg5 e6 3.e4 h6 4.Bxf6 Qxf6 5.Nc3 b6 6.Qd2 Bb7 7.f3 a5 8.e5 Qd8
9.O-O-O Bb4 10.a3 Be7 11.Kb1 d5 12.exd6 cxd6 13.f4 O-O 14.Qe3 Bf6 15.Nf3 Na6
16.g4 Nc7 17.h4 Be7 18.Bd3 Bc6 19.Qe2 Qd7 20.h5 b5 21.Rdg1 b4 22.axb4 axb4
23.Nd1 Nd5 24.g5 Kh8 25.Rg4 e5 26.Rhg1 Nxf4 27.gxh6 gxh6 28.Qe3 Bxf3 29.Qxf3 Bg5
30.Rxg5 hxg5 31.Rxg5 f6 32.Rg1 Qa7 33.Kc1 Qxd4 34.Rg6 Nxg6 35.hxg6 Qf4+  0-1

[Event "ch-IND"]
[Site "Mumbai IND"]
[Date "2003.01.20"]
[Round "5"]
[White "Arvind,S"]
[Black "Satyapragyan,S"]
[Result "0-1"]
[WhiteElo "2330"]
[BlackElo "2438"]

1.d4 Nf6 2.Bg5 e6 3.e4 h6 4.Bxf6 Qxf6 5.Nc3 Bb4 6.Qd2 d6 7.f4 e5 8.dxe5 dxe5
9.fxe5 Qh4+ 10.Kd1 Bg4+ 11.Kc1 Nc6 12.e6 Bxe6 13.Nf3 Qf6 14.Bb5 O-O 15.Rf1 a6
16.Bd3 Ne5 17.Nd4 Nxd3+ 18.Qxd3 Qg5+ 19.Qd2 Qa5 20.Qe3 Rfe8 21.a3 Bc5 22.Rd1 Rad8
23.Nce2 Bg4 24.c3 Qb6 25.Kc2 Qg6 26.Ng3 Bxd1+ 27.Rxd1 Bd6 28.Ndf5 Qg5 29.Qxg5 hxg5
30.Nxd6 Rxd6 31.Rxd6 cxd6 32.Kd3 g6 33.Kd4 Re5 34.c4 g4 35.b4 b6 36.Nf1 f5
37.exf5 gxf5 38.Ne3 b5 39.c5 Re4+ 40.Kd3 dxc5 41.bxc5 Kf7 42.Nxf5 Ra4 43.Ne3 Rxa3+
44.Kd4 Ke6 45.h4 gxh3 46.gxh3 Ra4+  0-1

[Event "Open"]
[Site "Auckland AUS"]
[Date "2003.01.27"]
[Round "3"]
[White "Froehlich,P"]
[Black "Stuart,P"]
[Result "1-0"]
[WhiteElo "2421"]
[BlackElo "2215"]

1.d4 Nf6 2.Bg5 e6 3.Nf3 c5 4.e3 b6 5.d5 exd5 6.Nc3 Be7 7.Nxd5 Nxd5 8.Qxd5 Nc6
9.Bb5 Bb7 10.O-O-O Rb8 11.Bf4 Rc8 12.Ne5 Nxe5 13.Qxb7 Nc6 14.Ba6 Ra8 15.Bc7 Rb8
16.Bxd8 Rxb7 17.Bxe7  1-0